| 000 | 01085nam a2200253 i 4500 | ||
|---|---|---|---|
| 001 | 000048635 | ||
| 003 | DO-SdBNP | ||
| 005 | 20250131083000.0 | ||
| 007 | ta | ||
| 008 | 190404s2011 000 spa d | ||
| 020 | _a9789945454352 | ||
| 040 |
_aDO-SdBNP _bspa _cBNPHU _erda |
||
| 082 | 4 |
_axxx _bC355B _222 |
|
| 100 | 1 |
_aCastro Ventura, Santiago, _91837 _eautor _4aut. |
|
| 245 | 1 | 0 |
_aBetances en la historia dominicana / _cSantiago Castro Ventura |
| 264 | 1 |
_aSanto Domingo : _bEditora Manatí, _c2011. |
|
| 300 |
_a262 páginas ; _c23 cm. |
||
| 336 |
_atexto _btxt _2rdacontent |
||
| 337 |
_asin mediación _bn _2rdamedia |
||
| 338 |
_avolumen _bnc _2rdacarrier |
||
| 505 | 0 |
_aClima político en las antillas siglo XIX -- _tEn el ambiente puertorriqueño -- _tGénesis de la solidaridad con dominicana -- _tInsurrecto contra el colonialismo -- _tDesterrado en dominicana -- _tCombatiendo el anexionismo baecista -- _tLa abortada invasión -- _tSolidaridad con los azules -- _tFrente al tirano Heureaux -- _tPrócer dominicano. |
|
| 590 | _aInventariado, 2019/VM | ||
| 942 |
_2ddc _cLBS1 |
||
| 999 |
_c48123 _d48123 |
||